000 00943nam a2200373 b 4500
001 00965712
003 DO-SdBNP
005 20180223150845.0
007 00965712
008 980813s 1985 sp a ||| ||spa
016 7 _a
_2BPMSU
017 _a
_b
020 _a8473741382
035 _a
040 _aBPMSU
_bspa
_cBPMSU
_e
080 0 _a
080 0 _a
080 0 _a
082 4 _axxx
_bxxx
100 1 _aCork, Barbara
245 1 0 _aLa senda de la naturaleza :
_bBosques /
_h
_c Barbara Cork, Helen Gilks
260 _aMadrid :
_bPlesa,
_bSM,
_c1985.
300 _a40 p. :
_bil. ;
_c28 cm
490 0 _aLa Senda de la naturaleza
500 _aIncluye índice
650 7 _a
_v
_2
650 7 _a
_v
_2
650 7 _a
_v
_2
700 1 _aGilks, Helen
_4
830 0 _aLa Senda de la naturaleza
942 _2ddc
_cBK
945 _aInventariado, 2018/ YL
956 _2VMATEO
_310
_620160414
_8BPMSU
_a0069
999 _c9785
_d9785